| 000 | 00612nam a2200241Ia 4500 | ||
|---|---|---|---|
| 003 | OSt | ||
| 005 | 20221007071334.0 | ||
| 006 | a|||||r|||| 00| 0 | ||
| 007 | ta | ||
| 008 | 221006b |||||||| |||| 00| 0 eng d | ||
| 024 | _a17,178 | ||
| 037 | _cTextual | ||
| 040 |
_aFLL _cFLL _beng |
||
| 041 |
_2eng _aeng |
||
| 082 | _aXM55:72, K6 | ||
| 100 |
_aBeattie C.N. Au. _9688552 |
||
| 245 | 0 | _aCorporation tax | |
| 250 | _a2nd | ||
| 260 |
_aLondon _bButterworths England _c1966 |
||
| 300 |
_a768p _ccm. |
||
| 942 |
_hXM55:72, K6 _cTEXL _2CC |
||
| 999 |
_c1143101 _d1143101 |
||